| 000 | 00529nam a22001697a 4500 | ||
|---|---|---|---|
| 005 | 20251108163332.0 | ||
| 008 | 250721s9999 xx 000 0 ara d | ||
| 082 | 1 | 4 | _a131.32/دع |
| 100 | 1 |
_aجلال، محمد عبد المنعم _eترجمة |
|
| 245 | 1 | 0 | _aدع الخجل و استمتع بالحياة / |
| 264 | 1 |
_aالقاهرة : _bالمركز العربي للنشر والتوزيع، _c[19-]. |
|
| 300 | _a119 ص | ||
| 650 | 1 | 7 | _aالصحة النفسية |
| 650 | 1 | 7 | _aالخجل |
| 942 |
_2ddc _cBK |
||
| 999 |
_c116 _d116 |
||